header

Bursting (Record no. 138311)

MARC details
000 -LEADER
fixed length control field 01249nam a22003254a 4500
082 04 - DEWEY DECIMAL CLASSIFICATION NUMBER
Classification number 612.8/1
245 00 - TITLE STATEMENT
Title Bursting
260 ## - PUBLICATION, DISTRIBUTION, ETC. (IMPRINT)
Place of publication Hackensack, NJ :
Name of publisher World Scientific Pub.,
Year of publication c2005.
300 ## - PHYSICAL DESCRIPTION
Number of Pages xvi, 401 p. :
Other physical details ill.
650 #0 - SUBJECT ADDED ENTRY--TOPICAL TERM
Topical Term Neural transmission.
Topical Term Sensory neurons.
700 1# - ADDED ENTRY--PERSONAL NAME
Personal name Coombes, Stephen.
Personal name Bressloff, Paul C.
856 40 - ELECTRONIC LOCATION AND ACCESS
Uniform Resource Identifier http://site.ebrary.com/lib/rucke/Doc?id=10174079

No items available.

© 2026 Rongo University
Contact us: librarian | system librarian | Rongo university